El sistema nervioso humano (Registro nro. 10552)

Detalles MARC
000 -CABECERA
Longitud fija campo de control 01169nam a2200313 a 4500
001 - NÚMERO DE CONTROL
Número de control ES-MaREB01154918-5
003 - IDENTIFICADOR DELl NÚMERO DE CONTROL
Identificador del número de control OSt
005 - FECHA Y HORA DE LA ÚLTIMA TRANSACCIÓN
Fecha y hora de la última transacción 20140605213004.0
008 - CÓDIGOS DE INFORMACIÓN DE LONGITUD FIJA
Códigos de información de longitud fija 110308s2009 espa e 001 0 spa d
020 ## - NÚMERO INTERNACIONAL NORMALIZADO PARA LIBROS
Número Internacional Normalizado para Libros (ISBN) 978-0-7817-8526-2
040 ## - FUENTE DE LA CATALOGACIÓN
Centro transcriptor BMC
082 ## - NÚMERO DE LA CLASIFICACIÓN DECIMAL DEWEY
Númeroo de clasificación 611.8
100 1# - PUNTO DE ACCESO PRINCIPAL-NOMBRE DE PERSONA
9 (RLIN) 19805
Nombre de persona Barr, Murray L.
Fechas asociadas al nombre 1908-1995
245 13 - MENCIÓN DE TÍTULO
Título El sistema nervioso humano
Resto del título : una perspectiva anatómica
Mención de responsabilidad, etc. Barr ; [editor], John A. Kiernan ; [traducción Óscar Nabais Simón, Tomás Pérez Pazos, Marta Vigo Anglada]
250 ## - MENCIÓN DE EDICIÓN
Mención de edición 9ª ed
260 ## - PUBLICACIÓN, DISTRIBUCIÓN, ETC. (PIE DE IMPRENTA)
Lugar de publicación, distribución, etc. Barcelona
Nombre del editor, distribuidor, etc. Lippincott Williams and Williams
Fecha de publicación, distribución, etc. 2009
300 ## - DESCRIPCIÓN FÍSICA
Extensión VII, 424 p.
Otras características físicas il.
Dimensiones 25 cm
500 ## - NOTA GENERAL
Nota general Índice alfabético de materias: p. 407-424
500 ## - NOTA GENERAL
Nota general Glosario de términos neuroanatómicos y afines: p. 395-406
504 ## - NOTA DE BIBLIOGRAFÍA, ETC
Nota de bibliografía, etc. Bibliografía al final de cada capítulo
594 ## - NOTA AL TÍTULO Y MENCIÓN DE RESPONSABIBLIDAD
Nota Al Título Y Mención De Responsabilidad Traducción de: Barr's the human nervous system, 9th ed.
650 24 - PUNTO DE ACCESO ADICIONAL DE MATERIA - TÉRMINO DE MATERIA
Término de materia o nombre geográfico como elemento inicial Neuroanatomía
9 (RLIN) 19606
650 24 - PUNTO DE ACCESO ADICIONAL DE MATERIA - TÉRMINO DE MATERIA
9 (RLIN) 19811
Término de materia o nombre geográfico como elemento inicial Sistema nervioso
700 1# - PUNTO DE ACCESO ADICIONAL - NOMBRE DE PERSONA
Nombre de persona Kiernan, John Alan
9 (RLIN) 19607
700 1# - PUNTO DE ACCESO ADICIONAL - NOMBRE DE PERSONA
Nombre de persona Pérez Pazos, Tomás
9 (RLIN) 19612
700 1# - PUNTO DE ACCESO ADICIONAL - NOMBRE DE PERSONA
Nombre de persona Vigo Anglada, Marta
9 (RLIN) 19613
700 1# - PUNTO DE ACCESO ADICIONAL - NOMBRE DE PERSONA
9 (RLIN) 19609
Nombre de persona Nabais Simón, Óscar
942 ## - ENTRADA DE ELEMENTOS AGREGADOS (KOHA)
Fuente de clasificaión o esquema Dewey Decimal Classification
Koha [por defecto] tipo de item 1- Monografias
Existencias
Suprimido Perdido Fuente de clasificación o esquema Estropeado Restricciones de uso No para préstamo Código de colección Localización permanente Localización actual Localización en estanter&íacute;as Fecha adquisición Fuente de adquisición Número de inventario Préstamos totales Renovaciones totales Signatura completa Código de barras Fecha última consulta Fecha último préstamo Coste, precio reemplazado Fecha del precio de reemplazo Tipo de item de Koha
NULL NULL Dewey Decimal Classification NULL Prestable NULL NULL Biblioteca Centro Regional de Ilobasco Biblioteca Centro Regional de Ilobasco Sala Principal 11/06/2015 UNICAES LI000426     611.8 BAR sis 1031750 11/06/2015   25.20 11/06/2015 1- Monografias
NULL NULL Dewey Decimal Classification NULL Prestable NULL NULL Biblioteca Centro Regional de Ilobasco Biblioteca Centro Regional de Ilobasco Sala Principal 11/06/2015 UNICAES LI000427 1   611.8 BAR sis 1031751 23/02/2023 23/02/2023 25.20 11/06/2015 1- Monografias
NULL NULL Dewey Decimal Classification NULL Prestable NULL NULL Biblioteca Centro Regional de Ilobasco Biblioteca Centro Regional de Ilobasco Sala Principal 01/10/2015 UNICAES LI001120 2   611.8 BAR sis 1034067 23/02/2023 23/02/2023   01/10/2015 1- Monografias
NULL NULL Dewey Decimal Classification NULL Prestable NULL NULL Biblioteca Miguel de Cervantes - UNICAES Biblioteca Miguel de Cervantes - UNICAES Sala Principal 28/05/2014 Donación - Facultad de Ciencias y Humanidades 016727 22 5 611.8 BAR sis 1017070 27/09/2019 27/09/2019 25.20 28/05/2014 1- Monografias
NULL NULL Dewey Decimal Classification NULL Prestable NULL NULL Biblioteca Miguel de Cervantes - UNICAES Biblioteca Miguel de Cervantes - UNICAES Sala Principal 28/05/2014 Donación - Facultad de Ciencias y Humanidades 016728 12 1 611.8 BAR sis 1017071 11/05/2018 11/05/2018 25.20 28/05/2014 1- Monografias
NULL NULL Dewey Decimal Classification NULL Prestable NULL NULL Biblioteca Miguel de Cervantes - UNICAES Biblioteca Miguel de Cervantes - UNICAES Sala Principal 28/05/2014 Donación - Facultad de Ciencias y Humanidades 016729 11 2 611.8 BAR sis 1017072 15/08/2017 15/08/2017 25.20 28/05/2014 1- Monografias
NULL NULL Dewey Decimal Classification NULL Prestable NULL NULL Biblioteca Miguel de Cervantes - UNICAES Biblioteca Miguel de Cervantes - UNICAES Sala Principal 28/05/2014 Donación - Facultad de Ciencias y Humanidades 016730 9 2 611.8 BAR sis 1017073 19/02/2018 16/02/2018 25.20 28/05/2014 1- Monografias
NULL NULL Dewey Decimal Classification NULL Prestable NULL NULL Biblioteca Miguel de Cervantes - UNICAES Biblioteca Miguel de Cervantes - UNICAES Sala Principal 28/05/2014 Donación - Facultad de Ciencias y Humanidades 016731 8 1 611.8 BAR sis 1017074 10/07/2017 10/07/2017 25.20 28/05/2014 1- Monografias
NULL NULL Dewey Decimal Classification NULL Prestable NULL NULL Biblioteca Miguel de Cervantes - UNICAES Biblioteca Miguel de Cervantes - UNICAES Sala Principal 02/06/2014 Donación - Facultad de Ciencias y Humanidades 017041 7   611.8 BAR sis 1017384 07/03/2019 21/02/2019 25.20 02/06/2014 1- Monografias